000 00368nam a2200157Ia 4500
008 220805s9999 xx 000 0 und d
020 _a978-81-7120-027-3
041 _aeng
082 _a371.82
100 _aSwami Harshada
_988789
260 _aMadras
_bSri Ramakrishna
245 _aStudents Power
250 _a1
300 _a54
650 _aStudent Power
_988790
999 _c48851
_d48851